00409nam a22001457a 4500020001500000082001200015100002200027245002900049260003000078300000800108650002500116942000700141952009800148999001700246 a0281053421 a211 STA aStannard, Russell aGod for the 21st century aGreat BritainbSPCKc2000 a194 aReligion and science cBK 001040708NFICaHMIbHMIcGENd2020-06-15l0o211 STAp11002131r2026-01-16w2026-01-16yBK c22993d22993